| 000 | 00372nam a2200157Ia 4500 | ||
|---|---|---|---|
| 003 | OSt | ||
| 005 | 20240226113136.0 | ||
| 008 | 170524s9999 xx 000 0 und d | ||
| 020 | _a978-1119286240 | ||
| 040 | _cIIMT UNIVERSITY MEERUT | ||
| 100 | _aHalliday- David et al | ||
| 245 | 0 | _aFundamentals of Physics | |
| 260 | _bWiley India | ||
| 260 | _c2007 | ||
| 942 |
_2ddc _c02 |
||
| 999 |
_c5279 _d5279 |
||